[Event "Konventum Weekend 2021"]
[Site "Elsinore"]
[Date "2021.07.25"]
[Round "4"]
[White "Thorsbro, Peter"]
[Black "Rathlev, Jakob"]
[Result "1-0"]
[WhiteElo "2233"]
[BlackElo "2210"]
[PlyCount "71"]
[EventDate "2021.07.23"]
[EventType "swiss"]
[EventRounds "5"]
[EventCountry "DEN"]

1. d4 Nf6 2. c4 c5 3. d5 b5 4. cxb5 a6 5. f3 g6 6. e4 d6 7. a4 Bg7 8. Na3 O-O
9. Ne2 e6 10. Nc3 exd5 11. exd5 Nh5 12. g3 Re8+ 13. Kf2 Nd7 14. bxa6 Ne5 15.
Kg2 Nf6 16. h3 h5 17. Bb5 Re7 18. Bg5 Bf5 19. Qd2 Qc8 20. Raf1 Raa7 21. Nc4 Bd3
22. Nxe5 Bxf1+ 23. Rxf1 dxe5 24. d6 Re6 25. Bxf6 Bxf6 26. Ne4 Bd8 27. Rc1 Qb8
28. Rxc5 f5 29. Qd5 fxe4 30. Qxe6+ Kh7 31. fxe4 Rxa6 32. Qf7+ Kh6 33. Qf8+ Kh7
34. Rxe5 Rxd6 35. Re7+ Bxe7 36. Qxb8 1-0

[Event "Konventum Weekend 2021"]
[Site "Elsinore"]
[Date "2021.07.25"]
[Round "4"]
[White "Hansen, Lars"]
[Black "Kistrup, Nicolai"]
[Result "0-1"]
[WhiteElo "2159"]
[BlackElo "2232"]
[PlyCount "116"]
[EventDate "2021.07.23"]
[EventType "swiss"]
[EventRounds "5"]
[EventCountry "DEN"]

1. d4 Nf6 2. Bg5 Ne4 3. Bf4 c5 4. f3 Qa5+ 5. c3 Nf6 6. d5 e6 7. e4 exd5 8. exd5
d6 9. Ne2 Be7 10. Ng3 O-O 11. Na3 Qc7 12. Nc4 b5 13. Ne3 a6 14. a4 Nbd7 15.
axb5 Nb6 16. c4 axb5 17. Rxa8 Nxa8 18. b3 bxc4 19. bxc4 Ne8 20. Nef5 Bf6 21.
Qd2 h5 22. Bd3 g6 23. Bg5 Qd8 24. Bxf6 Qxf6 25. Ne3 Qd4 26. O-O Nb6 27. Kh1 Ng7
28. Ne2 Qf6 29. Qa5 Nd7 30. f4 Re8 31. Qd2 Qe7 32. Nd1 Nf6 33. Nec3 Bf5 34. Nf2
Qe3 35. Qxe3 Rxe3 36. Bxf5 Nxf5 37. Nb5 h4 38. Kg1 Nh5 39. Nd1 Re4 40. Nb2 Nxf4
41. Nc3 Ne2+ 42. Nxe2 Rxe2 43. Rf2 Re1+ 44. Rf1 Rxf1+ 45. Kxf1 Kg7 46. Ke2 Kf6
47. Kd3 Ke5 48. Nd1 Nh6 49. Nf2 f5 50. Ke3 g5 51. Nd3+ Kf6 52. Nf2 Nf7 53. Kd2
Ne5 54. Kc3 g4 55. h3 g3 56. Nd3 Nxd3 57. Kxd3 Ke5 58. Ke3 f4+ 0-1

[Event "Konventum Weekend 2021"]
[Site "Elsinore"]
[Date "2021.07.25"]
[Round "4"]
[White "Moe, Mogens"]
[Black "Vasli, Aref"]
[Result "1/2-1/2"]
[WhiteElo "2118"]
[BlackElo "2400"]
[PlyCount "124"]
[EventDate "2021.07.23"]
[EventType "swiss"]
[EventRounds "5"]
[EventCountry "DEN"]

1. e4 e5 2. Nf3 Nc6 3. Bc4 Bc5 4. c3 Nf6 5. d4 exd4 6. e5 d5 7. Bb5 Ne4 8. cxd4
Bb6 9. Nc3 O-O 10. Be3 Bg4 11. Qa4 Ne7 12. Bd3 Nxc3 13. bxc3 Qd7 14. Qc2 h6 15.
h3 Be6 16. g4 Kh8 17. Qd2 Ng8 18. Nh4 c5 19. dxc5 Ba5 20. f4 d4 21. Bxd4 Rad8
22. f5 Qc6 23. O-O Rxd4 24. fxe6 Qxe6 25. Qe3 Bxc3 26. Rac1 Bb2 27. Rc2 Rfd8
28. Bf5 Qe7 29. Rxb2 Qxh4 30. Rxb7 Ne7 31. Be4 Rd1 32. Rb1 Rxb1 33. Rxb1 h5 34.
g5 Rc8 35. Rb7 Re8 36. c6 g6 37. c7 Nc8 38. Rb8 Kh7 39. Bb7 Qc4 40. Rxc8 Rxc8
41. Bxc8 Qxc7 42. Ba6 Qc2 43. Qf2 Qc1+ 44. Kh2 Kg8 45. h4 Qc3 46. Qe2 Qd4 47.
Kg3 Qg1+ 48. Qg2 Qe3+ 49. Qf3 Qxe5+ 50. Kg2 Qb2+ 51. Qf2 Qb4 52. Be2 a5 53. Bf3
Qc4 54. Kg3 a4 55. Qe2 Qc7+ 56. Kh3 Qd7+ 57. Kg2 Qd4 58. Qf2 Qc4 59. Kh3 Qe6+
60. Kh2 Qe5+ 61. Qg3 Qb2+ 62. Qg2 Qe5+ 1/2-1/2

[Event "Konventum Weekend 2021"]
[Site "Elsinore"]
[Date "2021.07.25"]
[Round "4"]
[White "Sigeman, Johan"]
[Black "Bank, Pelle Rodkjaer"]
[Result "0-1"]
[WhiteElo "2146"]
[BlackElo "2320"]
[PlyCount "78"]
[EventDate "2021.07.23"]
[EventType "swiss"]
[EventRounds "5"]
[EventCountry "DEN"]

1. c4 b6 2. Nc3 Bb7 3. d4 e6 4. a3 f5 5. Nf3 Nf6 6. d5 Be7 7. Nd4 O-O 8. dxe6
Nc6 9. Nxc6 Bxc6 10. exd7 Rf7 11. Bg5 h6 12. Bf4 Bc5 13. e3 Rxd7 14. Qc2 Be4
15. Qc1 Qe8 16. b4 Bf8 17. Be2 g5 18. Bg3 Bxg2 19. Rg1 Be4 20. Qb2 Bg7 21. Rd1
Rad8 22. Rxd7 Rxd7 23. Qc1 Qe6 24. f3 Bd3 25. Kf2 f4 26. exf4 Ng4+ 27. fxg4
Bd4+ 28. Kf1 Bxg1 29. Bxd3 Rxd3 30. Kxg1 Qxc4 31. Be1 gxf4 32. Qb1 f3 33. Nd1
Qxg4+ 34. Bg3 Qh3 35. Ne3 Rxe3 36. Qg6+ Kf8 37. Qf6+ Ke8 38. Qh8+ Kd7 39. Qg7+
Re7 0-1

[Event "Konventum Weekend 2021"]
[Site "Elsinore"]
[Date "2021.07.25"]
[Round "4"]
[White "Jaksland, Tim"]
[Black "Kryger, Oksana"]
[Result "1/2-1/2"]
[WhiteElo "2215"]
[BlackElo "2105"]
[PlyCount "50"]
[EventDate "2021.07.23"]
[EventType "swiss"]
[EventRounds "5"]
[EventCountry "DEN"]

1. e4 e6 2. d4 d5 3. Bd3 c5 4. exd5 exd5 5. Nf3 Nf6 6. O-O c4 7. Re1+ Be7 8.
Bf1 O-O 9. b3 cxb3 10. axb3 Nc6 11. Ne5 Re8 12. Bf4 Qb6 13. Nxc6 Qxc6 14. Na3
Bxa3 15. Rxe8+ Qxe8 16. Rxa3 Bf5 17. c4 a6 18. h3 Qe4 19. Bg5 Nd7 20. g4 h6 21.
Be3 Qe7 22. Ra5 Be4 23. Bf4 Qf6 24. Bg3 Rc8 25. Ra1 Nf8 1/2-1/2

[Event "Konventum Weekend 2021"]
[Site "Elsinore"]
[Date "2021.07.25"]
[Round "4"]
[White "Thuesen, Mogens Henrik"]
[Black "Fogh, Jens Olaf Svanholm"]
[Result "0-1"]
[WhiteElo "2178"]
[BlackElo "2124"]
[PlyCount "46"]
[EventDate "2021.07.23"]
[EventType "swiss"]
[EventRounds "5"]
[EventCountry "DEN"]

1. d4 d5 2. c4 e6 3. Nc3 Nf6 4. Bg5 Be7 5. cxd5 Nxd5 6. Bxe7 Qxe7 7. e4 Nxc3 8.
bxc3 c5 9. Nf3 O-O 10. Rb1 b6 11. Bb5 Bb7 12. Qe2 Rd8 13. O-O Nc6 14. Rfd1 Rac8
15. h3 h6 16. Qe3 cxd4 17. cxd4 Nb4 18. Rd2 Nc2 19. Qd3 Na3 20. Re1 Qb4 21. Ba6
Rc3 22. Qe2 Bxa6 23. Qxa6 Rxf3 0-1

[Event "Konventum Weekend 2021"]
[Site "Elsinore"]
[Date "2021.07.25"]
[Round "4"]
[White "Petersen, Peter Birk"]
[Black "Liu, Casper Yukun"]
[Result "1-0"]
[WhiteElo "2141"]
[BlackElo "2107"]
[PlyCount "101"]
[EventDate "2021.07.23"]
[EventType "swiss"]
[EventRounds "5"]
[EventCountry "DEN"]

1. e4 c5 2. Nf3 d6 3. d4 cxd4 4. Nxd4 Nf6 5. Nc3 Nc6 6. Bc4 e6 7. Be3 a6 8. Qe2
Qc7 9. O-O-O Na5 10. Bd3 b5 11. g4 b4 12. Nb1 e5 13. Nb3 Bxg4 14. f3 Be6 15.
N1d2 Be7 16. Kb1 O-O 17. Rhg1 Rfc8 18. f4 Nxb3 19. cxb3 Bd7 20. Nc4 Rab8 21. f5
Kh8 22. Bg5 Bc6 23. Ne3 Nxe4 24. Bxe7 Qxe7 25. Qg4 Ng5 26. Qxg5 f6 27. Qg3 d5
28. Nc2 a5 29. Rge1 Qc7 30. Rc1 a4 31. Ba6 axb3 32. Qxb3 Rd8 33. Nxb4 Rd6 34.
Rc5 Qd7 35. Qc3 d4 36. Qd2 Bf3 37. Rec1 Qxf5+ 38. Ka1 h6 39. Bd3 Qg4 40. Nc6
Re8 41. h3 Qg3 42. Ne7 Rdd8 43. Rc7 e4 44. Bb5 Rf8 45. Nf5 e3 46. Qb4 Qe5 47.
Bd3 e2 48. Rxg7 Rc8 49. Rcg1 Be4 50. Qd2 e1=Q+ 51. Rxe1 1-0

[Event "Konventum Weekend 2021"]
[Site "Elsinore"]
[Date "2021.07.25"]
[Round "4"]
[White "Guindy, Esmat Susanne"]
[Black "Ramsdal, Jens Albert"]
[Result "0-1"]
[WhiteElo "2100"]
[BlackElo "2282"]
[PlyCount "64"]
[EventDate "2021.07.23"]
[EventType "swiss"]
[EventRounds "5"]
[EventCountry "DEN"]

1. c4 Nf6 2. Nf3 e6 3. g3 d5 4. d4 Be7 5. Bg2 O-O 6. O-O dxc4 7. Na3 Bxa3 8.
bxa3 Nc6 9. Bg5 h6 10. Bxf6 Qxf6 11. e3 Rb8 12. Nd2 e5 13. d5 Na5 14. Qc2 b6
15. Rfd1 Ba6 16. Qc3 c6 17. dxc6 Qe7 18. Qb4 Qc7 19. Rac1 Rfd8 20. Nb1 Nxc6 21.
Rxd8+ Rxd8 22. Qa4 Na5 23. Nc3 Bc8 24. Nd5 Qc5 25. e4 Be6 26. Qb4 Qd6 27. Rd1
Bxd5 28. Rxd5 Qxb4 29. axb4 Rxd5 30. exd5 c3 31. Be4 Nc4 32. Bd3 Na3 0-1

[Event "Konventum Weekend 2021"]
[Site "Elsinore"]
[Date "2021.07.25"]
[Round "4"]
[White "Olsen, Michael Richard W"]
[Black "Jorgensen, Dennis"]
[Result "0-1"]
[WhiteElo "2107"]
[BlackElo "2132"]
[PlyCount "104"]
[EventDate "2021.07.23"]
[EventType "swiss"]
[EventRounds "5"]
[EventCountry "DEN"]

1. e4 g6 2. Nf3 Bg7 3. Nc3 d6 4. Bc4 Nf6 5. d3 O-O 6. h3 c6 7. Be3 Nbd7 8. a4
b6 9. Qd2 Bb7 10. Ba2 a6 11. O-O Qc7 12. Rad1 b5 13. Nh4 d5 14. f4 b4 15. Ne2
c5 16. e5 d4 17. Bf2 Nd5 18. c3 bxc3 19. bxc3 dxc3 20. Nxc3 Nxc3 21. Qxc3 e6
22. Nf3 Bxf3 23. gxf3 Bh6 24. Bg3 Rfc8 25. h4 Rab8 26. h5 Rb4 27. hxg6 hxg6 28.
Bc4 Nb6 29. Rf2 Nxa4 30. Qc1 Qb7 31. Kg2 Nb2 32. Rh1 Bg7 33. Bxa6 Qxa6 34. Rxb2
Rxb2+ 35. Qxb2 Qxd3 36. Qb7 Qd2+ 37. Kh3 Rd8 38. Kg4 Qd4 39. Re1 Qd3 40. Bh4
Qd7 41. Qb2 Ra8 42. Rh1 Qd3 43. Be7 c4 44. Qh2 Qf5+ 45. Kg3 g5 46. Bxg5 Bxe5
47. Qh4 Bg7 48. Be7 Qg6+ 49. Kh3 Ra5 50. Bg5 f6 51. Rd1 fxg5 52. Rd8+ Bf8 0-1

[Event "Konventum Weekend 2021"]
[Site "Elsinore"]
[Date "2021.07.25"]
[Round "4"]
[White "Olsen, Peter Erik"]
[Black "Grubert, Christian"]
[Result "1/2-1/2"]
[WhiteElo "2221"]
[BlackElo "2130"]
[PlyCount "66"]
[EventDate "2021.07.23"]
[EventType "swiss"]
[EventRounds "5"]
[EventCountry "DEN"]

1. d4 f5 2. g3 Nf6 3. Bg2 e6 4. Nf3 d5 5. O-O Bd6 6. c4 c6 7. Qc2 O-O 8. Nc3
Qe7 9. Rb1 Nbd7 10. Bf4 Ne4 11. Bxd6 Qxd6 12. e3 b6 13. b4 c5 14. dxc5 bxc5 15.
cxd5 exd5 16. Rfd1 Ndf6 17. Nb5 Qe7 18. bxc5 a6 19. Nd6 Nxd6 20. cxd6 Qxd6 21.
Qb2 Be6 22. Qb6 Rad8 23. Nd4 Bc8 24. Qxd6 Rxd6 25. Rdc1 Bd7 26. Rb7 Ra8 27. h4
g6 28. Rcc7 Kf8 29. Ne2 Ke7 30. Nd4 Kd8 31. Rc2 Rc8 32. Rxc8+ Kxc8 33. Rb1 Kc7
1/2-1/2

[Event "Konventum Weekend 2021"]
[Site "Elsinore"]
[Date "2021.07.25"]
[Round "4"]
[White "Hoiberg, Nina"]
[Black "Skjoldager, Per"]
[Result "0-1"]
[WhiteElo "2165"]
[BlackElo "2103"]
[PlyCount "146"]
[EventDate "2021.07.23"]
[EventType "swiss"]
[EventRounds "5"]
[EventCountry "DEN"]

1. e4 c6 2. d4 d5 3. Bd3 dxe4 4. Bxe4 Nf6 5. Bf3 h6 6. Ne2 Bf5 7. Ng3 Bg6 8.
O-O e6 9. c4 Bd6 10. Nc3 O-O 11. Qb3 Qb6 12. Nce4 Nxe4 13. Nxe4 Qxb3 14. axb3
Be7 15. Bd2 Na6 16. Ra4 e5 17. Bc3 exd4 18. Bxd4 Rfd8 19. Be3 Rd3 20. Nc3 Nc5
21. Bxc5 Bxc5 22. b4 Bd4 23. b5 Rc8 24. bxc6 bxc6 25. Ne2 Bxb2 26. Rxa7 Rd2 27.
Nf4 Bf5 28. g4 Bc2 29. Rb7 Bd4 30. Ne2 Bc5 31. Rb2 Rcd8 32. Nc1 Ba4 33. Rxd2
Rxd2 34. Ne2 Bc2 35. Nc1 Rd4 36. Be2 Ba3 37. Kg2 Be4+ 38. f3 Bc2 39. Kf2 Bc5
40. Ke1 Ba3 41. Kf2 g5 42. Rh1 Kg7 43. Re1 Bc5 44. Kg3 Rd2 45. Kg2 Kf6 46. h3
Ke5 47. Kg3 Kd4 48. h4 Ba3 49. Bf1 Bd6+ 50. f4 Bxf4+ 51. Kf3 Bd1+ 52. Be2 Bc2
53. Bf1 Kc5 54. h5 Rd1 55. Rxd1 Bxd1+ 56. Be2 Bxe2+ 57. Nxe2 Bd2 58. Ke4 Kxc4
59. Nd4 c5 60. Nf5 Kb3 61. Nxh6 c4 62. Nf5 Bc3 63. h6 Bh8 64. Nd4+ Kb2 65. Ne2
c3 66. Nxc3 Kxc3 67. Kf5 Kd4 68. Kxg5 Ke5 69. Kh5 Kf6 70. g5+ Kf5 71. Kh4 Kg6
72. Kg4 Be5 73. Kh4 Bf4 0-1

[Event "Konventum Weekend 2021"]
[Site "Elsinore"]
[Date "2021.07.25"]
[Round "4"]
[White "Olsen, Claus"]
[Black "Bergner, Philipp"]
[Result "0-1"]
[WhiteElo "2054"]
[BlackElo "2083"]
[PlyCount "200"]
[EventDate "2021.07.23"]
[EventType "swiss"]
[EventRounds "5"]
[EventCountry "DEN"]

1. e4 c5 2. Nf3 e6 3. d3 Nc6 4. g3 Nf6 5. Bg2 Be7 6. c3 O-O 7. O-O Qc7 8. Re1
d6 9. Na3 Bd7 10. Nc2 Rac8 11. d4 cxd4 12. Nfxd4 Nxd4 13. Qxd4 b6 14. Ne3 h6
15. c4 b5 16. b3 bxc4 17. bxc4 Bc6 18. Bb2 Rb8 19. f3 Rfd8 20. Bc3 Qb6 21. Qd2
Rd7 22. Bd4 Qb4 23. Qd3 Rdb7 24. f4 Nd7 25. Bc3 Qa3 26. Nc2 Qc5+ 27. Kh1 Rc7
28. Ne3 Bf6 29. Rad1 Bxc3 30. Qxc3 Nf6 31. Qd3 Rb2 32. Qxd6 Qxd6 33. Rxd6 Bxe4
34. Bxe4 Nxe4 35. Nd1 Nf2+ 36. Nxf2 Rxf2 37. Rc1 Rxa2 38. Rd8+ Kh7 39. c5 Rc6
40. Rd6 Rxd6 41. cxd6 Rd2 42. Ra1 Rxd6 43. Rxa7 f6 44. Re7 h5 45. Kg2 Kh6 46.
Kf3 g5 47. Ke4 Ra6 48. fxg5+ Kxg5 49. Rg7+ Kh6 50. Rg8 Kh7 51. Re8 Kg7 52. Re7+
Kg6 53. Re8 Ra4+ 54. Kf3 Kf5 55. Rh8 Ra3+ 56. Kg2 Kg6 57. Kh3 Ra2 58. Rg8+ Kh7
59. Re8 e5 60. Re6 Kg6 61. Re8 Re2 62. Re7 e4 63. Re8 f5 64. Re5 e3 65. Re8 Kf7
66. Re5 Kf6 67. Re8 Kf7 68. Re5 Kf6 69. Re8 h4 70. Rf8+ Ke5 71. gxh4 f4 72. h5
Ra2 73. h6 Ra6 74. Re8+ Kd4 75. Kg4 Rxh6 76. Kxf4 Rh4+ 77. Kf3 Rh3+ 78. Kg2 Rh7
79. Rd8+ Ke4 80. Re8+ Kd3 81. Rd8+ Ke2 82. Re8 Rg7+ 83. Kh3 Kf2 84. Rf8+ Ke1
85. Re8 e2 86. Re6 Rg5 87. Kh4 Rd5 88. Kg3 Kd2 89. Kg4 Rd3 90. Rxe2+ Kxe2 91.
h4 Ke3 92. Kg5 Ke4 93. h5 Ke5 94. Kg6 Rg3+ 95. Kf7 Rh3 96. Kg6 Ke6 97. h6 Rg3+
98. Kh7 Kf7 99. Kh8 Rb3 100. Kh7 Rb6 0-1

[Event "Konventum Weekend 2021"]
[Site "Elsinore"]
[Date "2021.07.25"]
[Round "5"]
[White "Hector, Jonny"]
[Black "Haubro, Martin"]
[Result "1/2-1/2"]
[WhiteElo "2479"]
[BlackElo "2407"]
[PlyCount "107"]
[EventDate "2021.07.23"]
[EventType "swiss"]
[EventRounds "5"]
[EventCountry "DEN"]

1. e4 e5 2. Nf3 Nc6 3. Nc3 Nf6 4. d4 exd4 5. Nd5 Be7 6. Bc4 O-O 7. O-O Nxe4 8.
Re1 Nf6 9. Nxe7+ Nxe7 10. Qxd4 d5 11. Bd3 Ng6 12. b4 c6 13. a4 Qb6 14. Qxb6
axb6 15. Be3 Bg4 16. Bxb6 Bxf3 17. gxf3 Rfe8 18. Bxg6 hxg6 19. Rxe8+ Rxe8 20.
Kf1 Nd7 21. Bd4 f6 22. a5 Kf7 23. b5 c5 24. Be3 Ra8 25. Bf4 Ne5 26. Ke2 Nc4 27.
a6 bxa6 28. bxa6 g5 29. Bc7 Ke6 30. a7 d4 31. Ra6+ Kd5 32. Bb8 Ne5 33. Rb6 Nc6
34. Rb7 Kc4 35. Kd2 Kd5 36. Kd3 Nb4+ 37. Kd2 Nc6 38. c3 Kc4 39. cxd4 Kxd4 40.
Kc2 Kc4 41. h3 f5 42. Kd2 f4 43. Kc2 Kd4 44. Kd2 Kc4 45. Ke2 Kd4 46. Kf1 Kc4
47. Kg2 Kd4 48. Kf1 Kc4 49. Ke1 Kd4 50. Kd1 Kd3 51. Rd7+ Kc4 52. Rb7 Kd3 53.
Rd7+ Kc4 54. Rb7 1/2-1/2

[Event "Konventum Weekend 2021"]
[Site "Elsinore"]
[Date "2021.07.25"]
[Round "5"]
[White "Borge, Nikolaj"]
[Black "Thorsbro, Peter"]
[Result "1-0"]
[WhiteElo "2357"]
[BlackElo "2233"]
[PlyCount "145"]
[EventDate "2021.07.23"]
[EventType "swiss"]
[EventRounds "5"]
[EventCountry "DEN"]

1. e4 e5 2. Nf3 Nc6 3. Bc4 Nf6 4. d3 Bc5 5. O-O d6 6. a4 a6 7. h3 O-O 8. Re1
Re8 9. c3 Ba7 10. Bg5 h6 11. Bh4 Be6 12. Nbd2 Qe7 13. a5 Bxc4 14. Nxc4 Qe6 15.
Ne3 Ne7 16. Nh2 c6 17. Qf3 Bxe3 18. fxe3 Nh7 19. Rf1 Ng6 20. Be1 d5 21. Ra4
dxe4 22. dxe4 Nf6 23. Rb4 Re7 24. Qe2 Rd8 25. Nf3 Nh7 26. Nd2 Qd7 27. Nb3 Nhf8
28. Nc5 Qc8 29. c4 Ne6 30. Nd3 Ng5 31. Nf2 Ne6 32. Ra4 Nc5 33. Ra2 Red7 34. Ra3
Ne6 35. Bb4 Qc7 36. Raa1 Ng5 37. Qg4 Re8 38. Qe2 c5 39. Bc3 Qc6 40. Qg4 Qe6 41.
Qxe6 Nxe6 42. Rad1 Red8 43. Rd5 f6 44. Rfd1 Ngf8 45. Rxd7 Rxd7 46. Ra1 Kf7 47.
Kf1 Ng6 48. Ke2 Ne7 49. Be1 Nc8 50. Rc1 Nd6 51. h4 h5 52. Kf3 g5 53. g3 g4+ 54.
Ke2 Nd8 55. Rd1 Ke6 56. b3 Nc6 57. Rd5 f5 58. Kd3 Ne7 59. exf5+ Kxf5 60. e4+
Ke6 61. Rxc5 b6 62. axb6 Nb7+ 63. Rd5 Nxd5 64. exd5+ Kf5 65. Bb4 Nd6 66. Nd1
Nc8 67. Ne3+ Kf6 68. c5 Rb7 69. Ba5 Rf7 70. Ke4 Ne7 71. Bc3 Ng6 72. c6 Ke7 73.
b7 1-0

[Event "Konventum Weekend 2021"]
[Site "Elsinore"]
[Date "2021.07.25"]
[Round "5"]
[White "Kistrup, Nicolai"]
[Black "Olsson, William"]
[Result "0-1"]
[WhiteElo "2232"]
[BlackElo "2221"]
[PlyCount "72"]
[EventDate "2021.07.23"]
[EventType "swiss"]
[EventRounds "5"]
[EventCountry "DEN"]

1. d4 d5 2. c4 c6 3. Nf3 Nf6 4. g3 dxc4 5. Bg2 b5 6. a4 Bb7 7. b3 cxb3 8. Qxb3
a6 9. Ba3 e6 10. Bxf8 Kxf8 11. O-O Ke7 12. Nc3 Re8 13. e4 Kf8 14. e5 Nd5 15.
Ne4 Re7 16. Qd3 Kg8 17. Neg5 f5 18. exf6 gxf6 19. Ne4 Nd7 20. Rfe1 Qc7 21. Nfd2
Rae8 22. Nb3 N7b6 23. Nbc5 Bc8 24. Bh3 Nc4 25. Re2 e5 26. Bxc8 Qxc8 27. dxe5
Rxe5 28. axb5 axb5 29. Ra7 Qf5 30. f3 R5e7 31. Rxe7 Rxe7 32. Ra2 Ne5 33. Qf1
Nxf3+ 34. Kh1 Rxe4 35. Rf2 Re3 36. Kg2 Re1 0-1

[Event "Konventum Weekend 2021"]
[Site "Elsinore"]
[Date "2021.07.25"]
[Round "5"]
[White "Fries Nielsen, Jens Ove"]
[Black "Hagen, Andreas Skytte"]
[Result "1-0"]
[WhiteElo "2359"]
[BlackElo "2370"]
[PlyCount "69"]
[EventDate "2021.07.23"]
[EventType "swiss"]
[EventRounds "5"]
[EventCountry "DEN"]

1. d4 Nf6 2. Nf3 g6 3. g3 Bg7 4. Bg2 O-O 5. O-O d6 6. Nc3 Nbd7 7. a4 e5 8. dxe5
dxe5 9. a5 a6 10. h3 Qe7 11. Be3 Nc5 12. Nd5 Nxd5 13. Qxd5 Ne6 14. Rfd1 Rd8 15.
Qb3 e4 16. Rxd8+ Qxd8 17. Nd2 f5 18. c3 Qe8 19. f3 exf3 20. exf3 Qb5 21. f4
Qxb3 22. Nxb3 Kf7 23. Rd1 Bf8 24. Kf2 Bd6 25. Nd2 Be7 26. Nc4 Nd8 27. Ne5+ Ke8
28. h4 Be6 29. Bf3 Bf6 30. Nd3 c6 31. Nc5 Ke7 32. Re1 Rc8 33. Bd1 Kd6 34. Na4
Ke7 35. Bc5+ 1-0

[Event "Konventum Weekend 2021"]
[Site "Elsinore"]
[Date "2021.07.25"]
[Round "5"]
[White "Fogh, Jens Olaf Svanholm"]
[Black "Brorsen, Jacob Abildlund"]
[Result "1/2-1/2"]
[WhiteElo "2124"]
[BlackElo "2147"]
[PlyCount "80"]
[EventDate "2021.07.23"]
[EventType "swiss"]
[EventRounds "5"]
[EventCountry "DEN"]

1. d4 d5 2. Nf3 e6 3. Bf4 Nf6 4. e3 b6 5. Be2 Bb7 6. O-O Bd6 7. Bxd6 cxd6 8. c4
dxc4 9. Bxc4 O-O 10. Nc3 Nbd7 11. Qe2 Qe7 12. Ba6 Rab8 13. Rac1 e5 14. Bxb7
Rxb7 15. e4 exd4 16. Nxd4 Re8 17. Rfe1 Nc5 18. f3 Qe5 19. Rcd1 Rd7 20. Nc6 Qg5
21. Nb4 Ne6 22. Nbd5 h5 23. Qd2 Nxd5 24. Qxg5 Nxg5 25. Rxd5 Re5 26. Red1 Rxd5
27. Rxd5 f6 28. f4 Ne6 29. g3 h4 30. Nb5 hxg3 31. hxg3 Nc5 32. e5 dxe5 33. Rxd7
Nxd7 34. Nxa7 Kf7 35. fxe5 fxe5 36. Kf2 Ke6 37. Ke3 Kd5 38. b3 Kc5 39. a3 Kd5
40. Nc8 Ke6 1/2-1/2

[Event "Konventum Weekend 2021"]
[Site "Elsinore"]
[Date "2021.07.25"]
[Round "5"]
[White "Bank, Pelle Rodkjaer"]
[Black "Vasli, Aref"]
[Result "1/2-1/2"]
[WhiteElo "2320"]
[BlackElo "2400"]
[PlyCount "27"]
[EventDate "2021.07.23"]
[EventType "swiss"]
[EventRounds "5"]
[EventCountry "DEN"]

1. d4 d5 2. c4 e6 3. Nf3 Nf6 4. Nc3 Be7 5. Bf4 dxc4 6. e3 a6 7. Bxc4 O-O 8. O-O
b5 9. Bb3 Bb7 10. Qe2 c5 11. dxc5 Nbd7 12. Rfd1 Bxc5 13. Rac1 Rc8 14. h3
1/2-1/2

[Event "Konventum Weekend 2021"]
[Site "Elsinore"]
[Date "2021.07.25"]
[Round "5"]
[White "Ramsdal, Jens Albert"]
[Black "Petersen, Peter Birk"]
[Result "0-1"]
[WhiteElo "2282"]
[BlackElo "2141"]
[PlyCount "97"]
[EventDate "2021.07.23"]
[EventType "swiss"]
[EventRounds "5"]
[EventCountry "DEN"]

1. d4 Nf6 2. c4 e6 3. Nc3 Bb4 4. Qc2 c5 5. dxc5 Bxc5 6. Bf4 Nc6 7. Nf3 O-O 8.
e3 d5 9. Rd1 Qa5 10. Nd2 Bb4 11. Nb3 Bxc3+ 12. Qxc3 Qxc3+ 13. bxc3 b6 14. Bd3
Bb7 15. f3 Rfd8 16. c5 Nd7 17. Bd6 Rdc8 18. cxb6 axb6 19. Bb1 Nce5 20. Bb4 Nc5
21. Kf2 Na4 22. Rc1 Nb2 23. Kg3 Nbd3 24. Rcd1 Nb2 25. Rd4 Nbc4 26. Re1 Na3 27.
Bxa3 Rxa3 28. Rc1 Nc4 29. f4 Nxe3 30. Rb4 Ra6 31. Nd4 Nc4 32. a4 Bc6 33. Bc2
Bd7 34. Ra1 Ne3 35. Bd3 Rxc3 36. Bxa6 Nc2+ 37. Kh4 Nxb4 38. Bb5 Bxb5 39. axb5
g6 40. Kg5 Kg7 41. Nxe6+ fxe6 42. Ra7+ Kf8 43. Kf6 Ke8 44. Rxh7 Re3 45. Re7+
Kd8 46. f5 d4 47. Ra7 gxf5 48. h4 d3 49. Ra4 0-1

[Event "Konventum Weekend 2021"]
[Site "Elsinore"]
[Date "2021.07.25"]
[Round "5"]
[White "Bach, Matthias"]
[Black "Hansen, Lars"]
[Result "1-0"]
[WhiteElo "2277"]
[BlackElo "2159"]
[PlyCount "59"]
[EventDate "2021.07.23"]
[EventType "swiss"]
[EventRounds "5"]
[EventCountry "DEN"]

1. d4 e6 2. c4 b6 3. Nf3 Bb7 4. Nc3 Bb4 5. Bd2 Nf6 6. e3 Bxc3 7. Bxc3 Ne4 8.
Bb4 c5 9. Ba3 O-O 10. Bd3 d6 11. O-O f5 12. b4 Nc3 13. Qc2 Bxf3 14. gxf3 Qg5+
15. Kh1 Qh5 16. Rg1 Qxf3+ 17. Rg2 Ne4 18. Bxe4 fxe4 19. dxc5 dxc5 20. bxc5 Rf5
21. Kg1 Nc6 22. Rg3 Qh5 23. Qxe4 Rxf2 24. Kxf2 Qxh2+ 25. Rg2 Rf8+ 26. Ke2 Qh5+
27. Kd2 Ne5 28. Bb2 Rd8+ 29. Kc2 Qe8 30. Rxg7+ 1-0

[Event "Konventum Weekend 2021"]
[Site "Elsinore"]
[Date "2021.07.25"]
[Round "5"]
[White "Rathlev, Jakob"]
[Black "Moe, Mogens"]
[Result "0-1"]
[WhiteElo "2210"]
[BlackElo "2118"]
[PlyCount "86"]
[EventDate "2021.07.23"]
[EventType "swiss"]
[EventRounds "5"]
[EventCountry "DEN"]

1. b3 e5 2. Bb2 Nc6 3. e3 g6 4. d4 exd4 5. Nf3 Bb4+ 6. Nbd2 dxe3 7. Qe2 f6 8.
Qxe3+ Qe7 9. Bc4 Qxe3+ 10. fxe3 Ke7 11. O-O d6 12. Ne4 Bf5 13. Ng3 Be6 14. Nd4
Nxd4 15. Bxd4 d5 16. Bd3 c5 17. Bb2 Bd2 18. Kh1 Bxe3 19. Rae1 d4 20. Ne4 b6 21.
Nxf6 Nxf6 22. Rxe3 Nd5 23. Re5 Kd6 24. Rfe1 Rhe8 25. Bb5 Re7 26. Bc4 Bg8 27.
Rxd5+ Bxd5 28. Rxe7 Bxc4 29. Rxh7 Be6 30. h4 Bf5 31. c3 d3 32. Bc1 Re8 33. Bf4+
Kd5 34. Rxa7 Re2 35. Ra8 Ke4 36. Bg5 d2 37. Bxd2 Rxd2 38. Rb8 Kf4 39. Kh2 Be4
40. h5 gxh5 41. Rf8+ Ke3 42. Rf6 Rxg2+ 43. Kh3 Rg6 0-1

[Event "Konventum Weekend 2021"]
[Site "Elsinore"]
[Date "2021.07.25"]
[Round "5"]
[White "Kryger, Oksana"]
[Black "Thuesen, Mogens Henrik"]
[Result "1/2-1/2"]
[WhiteElo "2105"]
[BlackElo "2178"]
[PlyCount "66"]
[EventDate "2021.07.23"]
[EventType "swiss"]
[EventRounds "5"]
[EventCountry "DEN"]

1. d4 d5 2. c4 e6 3. Nc3 Nf6 4. Nf3 Be7 5. Bf4 O-O 6. e3 c5 7. dxc5 Qa5 8. Nd2
Qxc5 9. a3 a5 10. Nb3 Qb6 11. c5 Qd8 12. Na4 Nc6 13. Nd4 Ne4 14. Nb6 a4 15. Be2
Ra5 16. Nxa4 Nxc5 17. Nxc5 Rxc5 18. Nb3 e5 19. Bg3 d4 20. e4 Be6 21. Nxc5 Bxc5
22. O-O Bd6 23. b4 Qg5 24. Rc1 Ra8 25. Qd3 g6 26. Qb5 Rxa3 27. f4 Qe7 28. fxe5
Bxb4 29. Bc4 Ra5 30. Qb6 Bc5 31. Qb3 Ra3 32. Qb5 Ra5 33. Qb3 Ra3 1/2-1/2

[Event "Konventum Weekend 2021"]
[Site "Elsinore"]
[Date "2021.07.25"]
[Round "5"]
[White "Liu, Casper Yukun"]
[Black "Sigeman, Johan"]
[Result "1-0"]
[WhiteElo "2107"]
[BlackElo "2146"]
[PlyCount "47"]
[EventDate "2021.07.23"]
[EventType "swiss"]
[EventRounds "5"]
[EventCountry "DEN"]

1. d4 Nf6 2. Bf4 d5 3. e3 e6 4. Nf3 c5 5. c3 Bd6 6. Bg3 Qc7 7. Nbd2 Nbd7 8. Bd3
O-O 9. Qe2 e5 10. e4 dxe4 11. Nxe4 Nxe4 12. dxe5 Nxg3 13. hxg3 Re8 14. Bxh7+
Kf8 15. Bc2 Bxe5 16. Kf1 g6 17. Re1 Qd8 18. Nxe5 Nxe5 19. Rh8+ Kg7 20. Qxe5+
Rxe5 21. Rxd8 Rxe1+ 22. Kxe1 b6 23. Be4 Rb8 24. Bc6 1-0

[Event "Konventum Weekend 2021"]
[Site "Elsinore"]
[Date "2021.07.25"]
[Round "5"]
[White "Skjoldager, Per"]
[Black "Olsen, Michael Richard W"]
[Result "1-0"]
[WhiteElo "2103"]
[BlackElo "2107"]
[PlyCount "93"]
[EventDate "2021.07.23"]
[EventType "swiss"]
[EventRounds "5"]
[EventCountry "DEN"]

1. e4 e5 2. Bc4 d6 3. Nf3 Be6 4. Bb3 Bxb3 5. axb3 Nf6 6. d3 Nbd7 7. Nbd2 d5 8.
Qe2 dxe4 9. Nxe4 Be7 10. Ng3 Bd6 11. O-O O-O 12. Nf5 Nd5 13. Ng5 h6 14. Ne4
N7f6 15. Nexd6 cxd6 16. Qf3 Qd7 17. Ra4 Nf4 18. Ng3 b5 19. Ra6 N6d5 20. Bxf4
Nxf4 21. Ne4 Qc8 22. Rc6 Qd7 23. Rxd6 Qc7 24. Qe3 Qxc2 25. Nc3 b4 26. Na4 Rfe8
27. g3 Ne2+ 28. Kg2 Nd4 29. Qe4 Qxb3 30. Ra6 f5 31. Qb7 Rab8 32. Qd7 Rbd8 33.
Qb7 Qxd3 34. Rxa7 Qe4+ 35. Qxe4 fxe4 36. Nc5 Rc8 37. Nxe4 Rc2 38. Nd6 Rf8 39.
Re7 Nf3 40. g4 Rxb2 41. Nf5 Nd2 42. Ra1 Ne4 43. Rxg7+ Kh8 44. Raa7 Rxf2+ 45.
Kg1 R8xf5 46. gxf5 Rxf5 47. Rgb7 1-0